Monumen bersejarah (Record no. 91086)

MARC details
000 -LEADER
fixed length control field 00742nam a2200265 i 4500
001 - CONTROL NUMBER
control field C2-0285172
003 - CONTROL NUMBER IDENTIFIER
control field PPAK
005 - DATE AND TIME OF LATEST TRANSACTION
control field 20180728014912.0
008 - FIXED-LENGTH DATA ELEMENTS--GENERAL INFORMATION
fixed length control field 071226s2007 my a|||| ||||| | may d
020 ## - INTERNATIONAL STANDARD BOOK NUMBER
International Standard Book Number 9833627692
040 ## - CATALOGING SOURCE
Original cataloging agency PPAK
Language of cataloging eng
Transcribing agency PPAK
Description conventions rda
082 04 - DEWEY DECIMAL CLASSIFICATION NUMBER
Classification number 910
Edition number 23
090 00 - LOCALLY ASSIGNED LC-TYPE CALL NUMBER (OCLC); LOCAL CALL NUMBER (RLIN)
Classification number (OCLC) (R) ; Classification number, CALL (RLIN) (NR) 910
Feature heading WAN
Feature heading K
100 0# - MAIN ENTRY--PERSONAL NAME
Personal name Wan Maizura Wan Mahmud,
Relator term author
245 10 - TITLE STATEMENT
Title Monumen bersejarah
264 #1 - PRODUCTION, PUBLICATION, DISTRIBUTION, MANUFACTURE, AND COPYRIGHT NOTICE
Place of production, publication, distribution, manufacture Petaling Jaya, Selangor :
Name of producer, publisher, distributor, manufacturer Pustaka Rubiah ,
Date of production, publication, distribution, manufacture, or copyright notice 2007
300 ## - PHYSICAL DESCRIPTION
Extent 60 pages :
Other physical details illustrations ;
Dimensions 26 cm
336 ## - CONTENT TYPE
Source rdacontent
Content type term text
337 ## - MEDIA TYPE
Source rdamedia
Media type term unmediated
338 ## - CARRIER TYPE
Source rdacarrier
Carrier type term volume
490 1# - SERIES STATEMENT
Series statement Siri warisan manusia sejagat
650 10 - SUBJECT ADDED ENTRY--TOPICAL TERM
Topical term or geographic name entry element Monuments.
830 #0 - SERIES ADDED ENTRY--UNIFORM TITLE
Uniform title Siri warisan manusia sejagat
942 ## - ADDED ENTRY ELEMENTS (KOHA)
-- dc
Koha item type Book
Holdings
Withdrawn Not for loan Current library Shelving location Date acquired Total Checkouts Full call number Barcode Date last seen Date last checked out Koha item type
    Perpustakaan Awam Sungai Petani Pinjaman Kanak-kanak 26/12/2007 1 K 910 WAN A01214197 10/06/2023 03/06/2023 Book
    Perpustakaan Bandar Baharu Pinjaman Kanak-kanak 26/12/2007   K 910 WAN A01214204 09/05/2018   Book
    Perpustakaan Jitra Pinjaman Kanak-kanak 26/12/2007   K 910 WAN A01214198 09/05/2018   Book
    Perpustakaan Kuala Nerang Pinjaman Kanak-kanak 26/12/2007   K 910 WAN A01214205 09/05/2018   Book
    Perpustakaan Kulim Pinjaman Kanak-kanak 26/12/2007 1 K 910 WAN A01214200 08/07/2019 24/06/2019 Book
    Perpustakaan Langkawi Pinjaman Kanak-kanak 26/12/2007 1 K 910 WAN A01214199 03/11/2019 20/10/2019 Book
    Perpustakaan Sik Pinjaman Kanak-kanak 26/12/2007   K 910 WAN A01214202 09/05/2018   Book
    Perpustakaan Yan Pinjaman Kanak-kanak 26/12/2007   K 910 WAN A01214201 09/05/2018   Book
    Bergerak 3, Baling Pinjaman Kanak-kanak 26/12/2007   K 910 WAN A01214206 09/05/2018   Book